| 000 | 00840pam a2200253 a 4500 | ||
|---|---|---|---|
| 001 | 1637090 | ||
| 005 | 20240221044043.0 | ||
| 008 | 961007s1997 ii b 001 0 eng | ||
| 020 | _a8170366100 (India : Hb) | ||
| 020 | _a8170366119 (India : Pb) | ||
| 020 | _a0803993641 (US : Hb) | ||
| 020 | _a080399365X (US : Pb) | ||
| 040 |
_aDLC _cDLC _dDLC |
||
| 082 | 0 | 0 |
_a320.5. _221 _bTWE. |
| 100 | 1 | _aHarshé, Rajen. | |
| 245 | 1 | 0 |
_aTwentieth century imperialism : _bshifting contours and changing conceptions / _cRajen Harshé. |
| 250 | _a1st. | ||
| 260 |
_aNew Delhi ; _aThousand Oaks, Calif. : _bSage Publications, _c1997. |
||
| 300 | _a276 p. ; | ||
| 650 | 0 | _aImperialism | |
| 856 | 4 | 2 | _uhttp://www.loc.gov/catdir/enhancements/fy0657/96047334-d.html |
| 856 | 4 | 1 | _uhttp://www.loc.gov/catdir/enhancements/fy0657/96047334-t.html |
| 942 | _cL | ||
| 999 |
_c452 _d452 |
||